LEADER 01773nam 2200553 a 450 001 9910463781003321 005 20200520144314.0 010 $a1-4438-5009-8 035 $a(CKB)2670000000402602 035 $a(SSID)ssj0001160987 035 $a(PQKBManifestationID)11740736 035 $a(PQKBTitleCode)TC0001160987 035 $a(PQKBWorkID)11127181 035 $a(PQKB)10401335 035 $a(MiAaPQ)EBC1336770 035 $a(Au-PeEL)EBL1336770 035 $a(CaPaEBR)ebr10742332 035 $a(CaONFJC)MIL507766 035 $a(OCoLC)855505125 035 $a(EXLCZ)992670000000402602 100 $a20130815d2013 uy 0 101 0 $aeng 135 $aurcn||||||||| 181 $ctxt 182 $cc 183 $acr 200 10$aInterpretation of english reflexives by child and adult L2 learners$b[electronic resource]$fby Amer Al Kafri 210 $aNewcastle upon Tyne, England $cCambridge Scholars Publishing$dc2013 215 $a1 online resource (xii, 199 p.) $cill., graphs 300 $aBibliographic Level Mode of Issuance: Monograph 311 $a1-299-76515-7 311 $a1-4438-4832-8 320 $aIncludes bibliographical references and index. 606 $aEnglish language 606 $aEnglish language$xReflexives 606 $aLanguage and languages$xGrammars 608 $aElectronic books. 615 0$aEnglish language. 615 0$aEnglish language$xReflexives. 615 0$aLanguage and languages$xGrammars. 676 $a420 700 $aAl Kafri$b Amer$0941324 801 0$bMiAaPQ 801 1$bMiAaPQ 801 2$bMiAaPQ 906 $aBOOK 912 $a9910463781003321 996 $aInterpretation of english reflexives by child and adult L2 learners$92123219 997 $aUNINA LEADER 01157nam0 22003011i 450 001 UON00159374 005 20231205102959.490 010 $a89-7327-090-7 100 $a20020503d1993 |0itac50 ba 101 $akor 102 $aKR 105 $a|||| 1|||| 200 1 $a1950-yondae han'guk ui chabon'ga yon'gu$fKong Che-uk 210 $aSeoul$cPaeksan Sodang$d1993 215 $a312 p.$cill.$d23 cm 316 $aKorea Research foundation$5IT-UONSI CORXII/076 N 410 1$1001UON00159375$12001 $aHaksul ch'ongso$v6 606 $aCAPITALISMO$xCOREA DEL SUD$3UONC032824$2FI 620 $aKR$dSeoul$3UONL000020 686 $aCOR XII$cCOREA - ECONOMIA$2A 700 0$aKONG Che-uk$3UONV094267$0674172 712 $aPaeksan Sodang$3UONV265108$4650 801 $aIT$bSOL$c20240220$gRICA 899 $aSIBA - SISTEMA BIBLIOTECARIO DI ATENEO$2UONSI 912 $aUON00159374 950 $aSIBA - SISTEMA BIBLIOTECARIO DI ATENEO$dSI COR XII 076 N $eSI SA 104892 5 076 N Korea Research foundation 996 $a1950-yondae han'guk ui chabon'ga yon'gu$91284922 997 $aUNIOR